Name NCT 127 members - Statistics

General Stats
  • This quiz has been taken 404 times
  • The average score is 10 of 10
Answer Stats
Hint Answer % Correct
Graduated from NCT DREAM (not really) Mark
100%
leader of NCT and NCT 127 and NCT U Taeyong
99%
american name. related to the name of john. Raised in Chicago Johnny
98%
has woo in the name Jungwoo
97%
Japanese member Yuta
97%
begins with a J Jaehyun
96%
Maknae Haechan
94%
also a part of WayV WinWin
94%
lead vocalist Doyoung
93%
Eldest member of NCT and NCT 127 and NCT U Taeil
93%
No matching quizzes found
Score Distribution
Percent of People with Each Score
Percentile by Number Answered
Your Score History
You have not taken this quiz